000 00213nam a2200097Ia 4500
005 20251222114339.0
008 251222s1900||||xx |||||||||||||| ||spa||
082 _aDVD0080/H79/1995
245 0 _aApollo 13:
942 _cDVD
999 _c795
_d795